| 000 | 00557nam a2200217Ia 4500 | ||
|---|---|---|---|
| 003 | 0100 | ||
| 008 | 130303s9999 xx 000 0 und d | ||
| 040 | _cARRUPELIB | ||
| 050 | _aPR3621.B83 1965 | ||
| 100 | _aPope Alexander | ||
| 245 | 4 | _aThe poems of Alexander Pope | |
| 245 | _ba one-volume edition of Twickenham text with selected annotations | ||
| 260 | _aLondon | ||
| 260 | _bMethuen and CO LTD | ||
| 260 | _C1965 | ||
| 300 | _axxix | ||
| 300 | _b 850p. 21cm | ||
| 650 | _bCommunity life | ||
| 700 | _aButt Jonh (ed.) | ||
| 942 |
_2lcc _02 |
||
| 999 |
_c62732 _d62732 |
||